02748nam a2200337 450000500170000000800410001702000180005804100120007608200150008810000270010324500490013025000080017926000380018730000080022536500180023352005300025165000210078170000240080294200070082699900190083395201510085295201510100395201510115495201510130595201630145695201510161995201510177095201630192195201750208495201510225920251111160620.0251110b |||||||| |||| 00| 0 eng d a9789389802559 aEnglish a001.4bKOT aKothari C. R. 9214808 aResearch Methodology: Methods and Techniques a5th aNew DelhibNew Age International  a464 b389.22cRs.00 a1. Research Methodology: An Introduction 2. Defining the Research Problem 3. Research Design 4. Design of Sample Surveys 5. Measurement and Scaling 6. Data Collection 7. Data Preparation 8. Descriptive Statistics 9. Sampling and Statistical Inference 10. Testing of Hypothesis 11. Chi-Square Tests 12. Analysis of Variance 13. Other Nonparametric Methods 14. Linear Regression Analysis 15. Factor Analysis 16. Discriminant Analysis 17. Cluster Analysis 18. Other Multivariate Techniques 19. Interpretation and Report Writing  aResearch9214809 aGarg Gaurav9214810 cBK c369086d369086 00102ddc4070aSOFTbSOFTd2025-11-06eOm Book Stallg389.22i1098l0o001.4 KOTpSOFT-BK-4701r2025-11-10 11:59:04t22%v499.00w2025-11-05yBK 00102ddc4070aSOFTbSOFTd2025-11-06eOm Book Stallg389.22i1098l0o001.4 KOTpSOFT-BK-4702r2025-11-10 11:59:04t22%v499.00w2025-11-05yBK 00102ddc4070aSOFTbSOFTd2025-11-06eOm Book Stallg389.22i1098l0o001.4 KOTpSOFT-BK-4703r2025-11-10 11:59:04t22%v499.00w2025-11-05yBK 00102ddc4070aSOFTbSOFTd2025-11-06eOm Book Stallg389.22i1098l0o001.4 KOTpSOFT-BK-4704r2025-11-10 11:59:04t22%v499.00w2025-11-05yBK 00102ddc4070aSOFTbSOFTd2025-11-06eOm Book Stallg389.22i1098l1o001.4 KOTpSOFT-BK-4705r2026-03-27 14:43:29s2026-03-18t22%v499.00w2025-11-05yBK 00102ddc4070aSOFTbSOFTd2025-11-06eOm Book Stallg389.22i1098l0o001.4 KOTpSOFT-BK-4706r2025-11-10 11:59:04t22%v499.00w2025-11-05yBK 00102ddc4070aSOFTbSOFTd2025-11-06eOm Book Stallg389.22i1098l0o001.4 KOTpSOFT-BK-4707r2025-11-10 11:59:04t22%v499.00w2025-11-05yBK 00102ddc4070aSOFTbSOFTd2025-11-06eOm Book Stallg389.22i1098l1o001.4 KOTpSOFT-BK-4708r2026-01-12 09:45:10s2025-12-08t22%v499.00w2025-11-05yBK 00102ddc4070aSOFTbSOFTd2025-11-06eOm Book Stallg389.22i1098l1o001.4 KOTpSOFT-BK-4709q2026-04-06r2026-04-04 15:55:13s2026-04-04t22%v499.00w2025-11-05yBK 00102ddc4070aSOFTbSOFTd2025-11-06eOm Book Stallg389.22i1098l0o001.4 KOTpSOFT-BK-4710r2025-11-10 11:59:04t22%v499.00w2025-11-05yBK